Govt. of
Madhya Pradesh

Normal view MARC view

Entry Personal Name

Number of records used in: 1

001 - CONTROL NUMBER

  • control field: 70144

003 - CONTROL NUMBER IDENTIFIER

  • control field: OSt

005 - DATE AND TIME OF LATEST TRANSACTION

  • control field: 20180120123047.0

008 - FIXED-LENGTH DATA ELEMENTS

  • fixed length control field: 180120|| aca||aabn | a|a d

040 ## - CATALOGING SOURCE

  • Original cataloging agency: OSt
  • Transcribing agency: OSt

100 ## - HEADING--PERSONAL NAME

  • Personal name: विनोद मिश्र

670 ## - SOURCE DATA FOUND

  • Source citation: Work cat.: (OSt)11653: विनोद मिश्र , महान तत्‍वज्ञानी अष्‍टावक्र , 2007